00461cam a2200169ua 45000010005000000080039000050400009000440410008000530820013000611000035000742450055001092500012001642600037001763000010002136530044002236530024002679471150929n ii |||gr||||Z||||||asm cMAIN aasm a891.4514 aSarma, Hemanta Kumar,eAuthor.1 aAsamiya sahityat dristipatcby Hemanta Kumar Sarma a4th ed. aKokrajhar:bBina library,c1984. a363p. aEast Indo-European & Celtic literatures aAssamese literature